000 00677nam a2200253Ia 4500
003 OSt
005 20221005133602.0
006 a|||||r|||| 00| 0
007 ta
008 221004b |||||||| |||| 00| 0 hin d
024 _a108617
037 _cTextual
040 _aCRL
_cCRL
_bhin
041 _2hin
_ahin
082 _aO152,1M65,11:g, J0
100 _aहरिऔध
245 0 _aप्रिय प्रवास
246 _aPriya pravāsa
260 _c1950
300 _a180पृ0
_ccm.
650 _aहिन्दी साहित्य
942 _hO152,1M65,11:g, J0
_cTEXL
_2cc
999 _c1067287
_d1067287